El problema del alma
Zapisane w:
| 1. autor: | |
|---|---|
| Format: | Książka |
| Język: | hiszpański |
| Wydane: |
Barcelona
Herder
1974
|
| Hasła przedmiotowe: | |
| Etykiety: |
Dodaj etykietę
Nie ma etykietki, Dołącz pierwszą etykiete!
|
MARC
| LEADER | 00000nam a2200000 a 4500 | ||
|---|---|---|---|
| 001 | UCX0607 | ||
| 003 | CL-VaPUC | ||
| 008 | 891128e19740000SP |||||||||||||||||spa|d | ||
| 082 | 0 | 4 | |a 129 |b TRE |2 21 |
| 100 | 0 | |a Tresmontant, Claude |e author |9 316019 | |
| 245 | 1 | 3 | |a El problema del alma |
| 300 | |a 194 p | ||
| 942 | |c BK | ||
| 945 | |d 19891128 00:00:00 | ||
| 260 | |a Barcelona |b Herder |c 1974 | ||
| 650 | 0 | |a Alma |9 259008 | |
| 583 | |a last modification |c 19891128 00:00:00 |k Rodrigo Vera | ||
| 999 | |c 222154 |d 222152 | ||
| 952 | |0 0 |1 0 |4 0 |6 129_000000000000000_TRE_1974 |7 0 |8 A |9 216512 |a BIBEDU |b BIBEDU |d 2019-11-15 |i 1566237 |o 129 TRE 1974 |p 1566237 |r 2019-11-15 |w 2019-11-15 |y BK |k FIL | ||